书目信息 |
| 题名: |
徘徊的鱼
|
|
| 作者: | 古清生 著 | |
| 分册: | ||
| 出版信息: | 北京 中国线装书局 2006.01 |
|
| 页数: | 147页 | |
| 开本: | 23cm | |
| 丛书名: | 旅食天下系列 | |
| 单 册: | ||
| 中图分类: | TS971-49 | |
| 科图分类: | ||
| 主题词: | 饮食--文化--中国--通俗读物 | |
| 电子资源: | ||
| ISBN: | 7-80106-552-2 | |
| 000 | 00662nam0 2200229 450 | |
| 005 | 20061205152258.65 | |
| 010 | @a7-80106-552-2@dCNY18.00 | |
| 100 | @a20060829d2006 ekmy0chiy0120 ea | |
| 101 | 0 | @achi |
| 102 | @aCN@b110000 | |
| 105 | @aa z 000yy | |
| 200 | 1 | @a徘徊的鱼@APai Huai De Yu@f古清生著@FGu Qing Sheng Zhu |
| 210 | @a北京@c中国线装书局@d2006.01 | |
| 215 | @a147页@c图@d23cm | |
| 225 | 2 | @a旅食天下系列 |
| 410 | 0 | @12001 @a旅食天下系列 |
| 410 | 0 | @12001 @a旅食天下系列 |
| 606 | 0 | @a饮食@x文化@y中国@x通俗读物 |
| 690 | @aTS971-49@v4 | |
| 701 | 0 | @a古清生@AGu Qing Sheng@4著 |
| 801 | 0 | @aCN@b中图数据@c20061205 |
| 905 | @a10447@dTS971-49@e182 | |
| 徘徊的鱼/古清生著.-北京:中国线装书局,2006.01 |
| 147页:图;23cm.-(旅食天下系列) |
| ISBN 7-80106-552-2:CNY18.00 |
| ● |
| 相关链接 |
|
|
|
|
正题名:徘徊的鱼
索取号:TS971-49/182
 
预约/预借
| 序号 | 登录号 | 条形码 | 馆藏地/架位号 | 状态 | 备注 |
| 1 | 0606838 | 206068388 | 第二样本阅览室/ [索取号:TS971-49/182] | 在馆 | |
| 2 | 0606839 | 206068397 | 第三借阅区/ [索取号:TS971-49/182] | 在馆 | |
| 3 | 0606840 | 206068404 | 第三借阅区/ [索取号:TS971-49/182] | 在馆 | |
| 4 | 0606841 | 206068413 | 第三借阅区/ [索取号:TS971-49/182] | 在馆 | |
| 5 | 0606842 | 206068422 | 第三借阅区/ [索取号:TS971-49/182] | 在馆 |